<?xml version="1.0" encoding="UTF-8"?>
<collection xmlns="http://www.loc.gov/MARC21/slim">
 <record>
  <leader>00637nam  2200253#c 4500</leader>
  <controlfield tag="001">UMA-2732</controlfield>
  <controlfield tag="003">UMA</controlfield>
  <controlfield tag="005">20230415    193436</controlfield>
  <controlfield tag="008">020726suuuu####bl###########||||#0#por#d</controlfield>
  <datafield tag="336" ind1=" " ind2=" ">
   <subfield code="a">texto</subfield>
  </datafield>
  <datafield tag="337" ind1=" " ind2=" ">
   <subfield code="a">no mediado</subfield>
  </datafield>
  <datafield tag="338" ind1=" " ind2=" ">
   <subfield code="a">volumen</subfield>
  </datafield>
  <datafield tag="901" ind1=" " ind2=" ">
   <subfield code="a">2984</subfield>
  </datafield>
  <datafield tag="080" ind1=" " ind2=" ">
   <subfield code="a">712</subfield>
  </datafield>
  <datafield tag="092" ind1=" " ind2=" ">
   <subfield code="a">712</subfield>
  </datafield>
  <datafield tag="245" ind1=" " ind2=" ">
   <subfield code="a">Anais do II ENEPEA</subfield>
  </datafield>
  <datafield tag="111" ind1=" " ind2=" ">
   <subfield code="a">Encontro Nacional de Ensino de Paisagismo em Escolas de Arquitetura e Urbanismo do Brasil</subfield>
   <subfield code="n">2</subfield>
  </datafield>
  <datafield tag="650" ind1=" " ind2=" ">
   <subfield code="a">Medio ambiente natural</subfield>
  </datafield>
  <datafield tag="650" ind1=" " ind2=" ">
   <subfield code="a">Paisajismo</subfield>
  </datafield>
  <datafield tag="650" ind1=" " ind2=" ">
   <subfield code="a">Urbanismo</subfield>
  </datafield>
  <datafield tag="041" ind1=" " ind2=" ">
   <subfield code="a">por</subfield>
  </datafield>
  <datafield tag="044" ind1=" " ind2=" ">
   <subfield code="a">bl#</subfield>
  </datafield>
  <datafield tag="300" ind1=" " ind2=" ">
   <subfield code="a">244 p.</subfield>
  </datafield>
  <datafield tag="260" ind1=" " ind2=" ">
   <subfield code="a">Sao Paulo</subfield>
   <subfield code="b">Universidade Sao Marcos</subfield>
   <subfield code="c">1994</subfield>
  </datafield>
 </record>
</collection>
